[Event "Casino GM"]
[Site "Barcelona ESP"]
[Date "2009.11.07"]
[Round "6"]
[White "Peralta,Fe"]
[Black "Lopez Martinez,Josep"]
[Result "1/2-1/2"]
[WhiteElo "2557"]
[BlackElo "2589"]

1.d4 Nf6 2.c4 g6 3.Nc3 Bg7 4.e4 d6 5.Nf3 O-O 6.Be2 e5 7.Be3 c6 8.d5 Ng4 9.Bg5 f6
10.Bh4 c5 11.O-O Na6 12.Ne1 Nh6 13.a3 Qe7 14.f3 Bd7 15.Rb1 Nf7 16.b4 Rfc8
17.Qb3 Bh6 18.Bf2 b6 19.Nd3 f5 20.bxc5 bxc5 21.Qc2 f4 22.Rb7 Nd8 23.Rb3 g5
24.Rfb1 Bg7 25.Be1 h5 26.Nf2 Bf6 27.Nb5 Nf7 28.Qd2 Qd8 29.Qa5 Qxa5 30.Bxa5 Bd8
31.Bxd8 Rxd8 32.Nd3 Kf8 33.Bd1 Ke7 34.Nc3 Rdb8 35.Rb7 Rxb7 36.Rxb7 Nd8 37.Rb2 Rb8
38.Rxb8 Nxb8 39.Ba4 Bxa4 40.Nxa4 Nb7 41.Ndb2 Na5 42.Kf2 Nd7 43.Ke2 g4 44.Kf2 Kf6
45.h3 gxh3 46.gxh3 Ke7 47.Ke2 Kd8 48.Nc3 Nb6 49.Kd3 Nb3 50.Nb5 Nc8 51.Kc2 Na5
52.Nc3 Ke7 53.Nb5 Kd7 54.Kd3 a6 55.Nc3 Nb3 56.Ne2 Nb6 57.Kc3 Na5 58.Nc1 Ke7
59.h4 Nb7 60.Kb3 Kd7 61.Ncd3 Kc7 62.Ne1 Nd7 63.Na4 Nf6 64.Kc3 Nd8 65.Kd3 Nf7
66.Ng2 Nh6 67.Ne1 Kb7 68.Ke2 Kc8 69.Nb6+ Kc7 70.Na4 Kd7 71.Nb6+ Kd8 72.Na4 Nhg4
73.Ng2 Ke7 74.Nb6 Kd8 75.Na4 Nh6 76.Ne1 Nf7 77.Nb6 Nh8 78.Ng2 Ng6 79.Na4 Kc7
80.Kf2 Nd7 81.Ke2 Nb6 82.Nb2 a5 83.a4 Kd7 84.Ke1 Ke7 85.Ke2 Kf6 86.Kd3 Ne7
87.Kd2 Kg6 88.Kd3 Ng8 89.Ne1 Nh6 90.Ng2 Ng4 91.Ke2 Kh6 92.Kd2 Nf6 93.Ke2 Nfd7  1/2-1/2

[Event "FSGM November"]
[Site "Budapest HUN"]
[Date "2009.11.07"]
[Round "1"]
[White "Shankland,S"]
[Black "Paschall,W"]
[Result "1-0"]
[WhiteElo "2486"]
[BlackElo "2386"]

1.d4 Nf6 2.c4 d6 3.Nf3 g6 4.Nc3 Bg7 5.e4 O-O 6.Be2 e5 7.Be3 exd4 8.Nxd4 Re8
9.f3 Nc6 10.Qd2 Nxd4 11.Bxd4 Nh5 12.Bxg7 Nxg7 13.O-O-O Be6 14.h4 h5 15.g4 Qf6
16.Rdg1 hxg4 17.fxg4 Qe5 18.h5 Rf8 19.g5 gxh5 20.g6 fxg6 21.Rxg6 Qf4 22.Rhg1 Qxd2+
23.Kxd2 Bg4 24.Bxg4 hxg4 25.R1xg4 Rf7 26.Nd5 Raf8 27.Ne3 Kh7 28.R6g5 Kh6
29.Rg1 Rf2+ 30.Ke1 R2f7 31.R5g2 Kh7 32.Rh2+ Kg8 33.Ng4 Re8 34.Nh6+ Kf8 35.Nxf7 Kxf7
36.Rh7 Rg8 37.Kd2 Kf8 38.Kc3 a5 39.a3 Ne6 40.Rxg8+ Kxg8 41.Re7 Nc5 42.Rxc7 Nxe4+
43.Kd4  1-0

[Event "TCh-AUT 2009-10"]
[Site "Jenbach AUT"]
[Date "2009.11.08"]
[Round "3"]
[White "Roiz,M"]
[Black "Socko,B"]
[Result "1/2-1/2"]
[WhiteElo "2659"]
[BlackElo "2643"]

1.Nf3 Nf6 2.c4 g6 3.Nc3 Bg7 4.d4 d6 5.e4 O-O 6.Be2 e5 7.Be3 Ng4 8.Bg5 f6
9.Bh4 g5 10.Bg3 Nh6 11.c5 g4 12.Nh4 Nc6 13.cxd6 cxd6 14.dxe5 dxe5 15.Bc4+ Kh8
16.Qxd8 Rxd8 17.O-O Nd4 18.f4 gxf3 19.Nxf3 Nxf3+ 20.Rxf3 f5 21.exf5 Nxf5
22.Raf1 Nd6 23.Bb3 Bg4 24.Rf6 b5 25.h3 b4 26.Rxd6 Rxd6 27.Ne4 Rd4 28.Ng5 Bh5
29.Ne6 Re8 30.Rf5 Bg6 31.Nxg7 Kxg7 32.Bxe5+ Kh6 33.Bf4+  1/2-1/2

[Event "TCh-AUT 2009-10"]
[Site "Jenbach AUT"]
[Date "2009.11.08"]
[Round "3"]
[White "Wells,P"]
[Black "Freitag,Ma"]
[Result "1-0"]
[WhiteElo "2489"]
[BlackElo "2387"]

1.d4 Nf6 2.c4 g6 3.Nc3 Bg7 4.e4 d6 5.Nf3 O-O 6.Be2 e5 7.Be3 Na6 8.O-O Ng4
9.Bg5 Qe8 10.dxe5 h6 11.Bh4 dxe5 12.Nd2 Nf6 13.Nd5 Qd8 14.f4 Nxd5 15.Bxd8 Ne3
16.Qc1 Rxd8 17.f5 gxf5 18.exf5 Nxf5 19.c5 Nd4 20.Bc4 Bf5 21.c6 b5 22.Bxb5 Nb4
23.Nb3 Bg6 24.Nxd4 Rxd4 25.Qc5 e4 26.a3 Nd3 27.Qe7 Be5 28.Bxd3 Bd6 29.Qh4 Rxd3
30.Rf6 Re8 31.Qxh6 Bc5+ 32.Kh1 Rd6 33.Rxd6 cxd6 34.c7 Rc8 35.h4 Bb6 36.h5 Bh7
37.Qg5+ Kf8 38.Qh6+ Kg8 39.Qg5+ Kf8 40.h6 Bg6 41.Qf6 Ke8 42.Rc1 Be3 43.Rc6  1-0

[Event "World Youth U18"]
[Site "Antalya TUR"]
[Date "2009.11.12"]
[Round "1"]
[White "Bogner,S"]
[Black "Poleshchuk,D"]
[Result "1-0"]
[WhiteElo "2504"]
[BlackElo "2234"]

1.d4 Nf6 2.c4 g6 3.Nc3 Bg7 4.e4 O-O 5.Nf3 d6 6.Be2 e5 7.dxe5 dxe5 8.Qxd8 Rxd8
9.Bg5 Re8 10.Nd5 Nxd5 11.cxd5 c6 12.Bc4 cxd5 13.Bxd5 Nc6 14.O-O-O Be6 15.Bxe6 Rxe6
16.Rd7 f5 17.Be3 b6 18.Rhd1 f4 19.Bd2 h6 20.Bc3 Rae8 21.Rc7 R8e7 22.Rxe7 Nxe7
23.Rd8+ Kf7 24.Rd7 a5 25.Kc2 g5 26.Rb7 Kf6 27.Nxe5 Bf8 28.Rxb6 Rxb6 29.Nd7+ Ke6
30.Nxb6 g4 31.Bxa5 Nc6 32.Bc3 h5 33.Nd5 Bd6 34.f3 Be5 35.a4 Bxc3 36.Kxc3  1-0

[Event "World Youth U18"]
[Site "Antalya TUR"]
[Date "2009.11.16"]
[Round "6"]
[White "Pavlidis,Ana"]
[Black "Jorczik,J"]
[Result "1-0"]
[WhiteElo "2300"]
[BlackElo "2368"]

1.d4 Nf6 2.c4 g6 3.Nc3 Bg7 4.e4 d6 5.Nf3 O-O 6.Be2 e5 7.Be3 Nbd7 8.O-O Re8
9.d5 Nh5 10.Re1 Bf8 11.b4 Ng7 12.Nd2 f5 13.f3 Be7 14.Nb3 Bg5 15.Qd2 Bxe3+
16.Qxe3 f4 17.Qf2 g5 18.c5 Nf6 19.Rec1 b6 20.cxd6 cxd6 21.a4 a6 22.Nd1 Re7
23.Nb2 Rb8 24.Rc6 Bd7 25.Rc2 Bc8 26.Rac1 Nge8 27.Nc4 Rg7 28.a5 b5 29.Nb6 Bb7
30.Nc5 dxc5 31.bxc5 g4 32.c6 g3 33.hxg3 fxg3 34.Qe3 Bc8 35.f4 Qc7 36.Qc3 Nxe4
37.Qe3 Bf5 38.fxe5 Nf2 39.Rd2 Qd8 40.Rd4 Ng4 41.Bxg4 Bxg4 42.Qxg3 Qg5 43.Qf4 Qh5
44.Rf1 Nc7 45.e6 Bh3 46.Rd2 Kh8 47.Qd4 Rg8 48.Rf7 Ne8 49.c7 Nd6 50.c8=Q Nxf7
51.Qcc3 Ng5 52.Rf2 h6 53.Nd7 Bxg2 54.Qxg7+ Rxg7 55.Rf8+  1-0

[Event "World Youth U18"]
[Site "Antalya TUR"]
[Date "2009.11.20"]
[Round "9"]
[White "Jorczik,J"]
[Black "Hanninger,S"]
[Result "1/2-1/2"]
[WhiteElo "2368"]
[BlackElo "2171"]

1.d4 Nf6 2.c4 g6 3.Nc3 Bg7 4.e4 d6 5.Nf3 O-O 6.Be2 e5 7.O-O Na6 8.d5 Nc5
9.Qc2 a5 10.Bg5 h6 11.Bh4 g5 12.Bg3 Nh5 13.Nd2 Nf4 14.Nb3 Nxb3 15.axb3 f5
16.Bxf4 exf4 17.b4 fxe4 18.Nxe4 Bf5 19.bxa5 Qe8 20.Bd3 Qg6 21.f3 Rae8 22.Rae1 Bd4+
23.Kh1 Re5 24.Nf2 Rxe1 25.Rxe1 Re8 26.Rxe8+ Qxe8 27.Ne4 Qe5 28.b4 Bxe4 29.Bxe4 Bc3
30.Qb1 Qd4 31.c5 Qxb4 32.Qxb4 Bxb4 33.c6 bxc6 34.a6 Bc5 35.dxc6 Kf7 36.g3 Kf6
37.gxf4  1/2-1/2

[Event "British Rapidplay"]
[Site "Halifax ENG"]
[Date "2009.11.22"]
[Round "8"]
[White "Wells,P"]
[Black "Hawkins,Jo"]
[Result "0-1"]
[WhiteElo "2489"]
[BlackElo "2383"]

1.Nf3 Nf6 2.c4 g6 3.Nc3 Bg7 4.d4 d6 5.e4 O-O 6.Be2 e5 7.Be3 Ng4 8.Bg5 f6
9.Bh4 g5 10.Bg3 Nh6 11.dxe5 dxe5 12.Qd5+ Nf7 13.h4 Qe7 14.hxg5 fxg5 15.O-O-O c6
16.Qd3 Rd8 17.Qc2 Rxd1+ 18.Qxd1 Be6 19.Nh2 Na6 20.Bg4 Bxc4 21.Bf5 Nh6 22.Ng4 Nxf5
23.exf5 Nb4 24.a3 Rd8 25.axb4 Rxd1+ 26.Rxd1 Qf8 27.Ne4 Be2 28.f6 Bxd1 29.fxg7 Qd8
30.Nh6+ Kxg7 31.Nd6 Bh5 32.Nhf5+ Kf6 33.f4 exf4 34.Be1 Bg4 35.Bc3+ Kg6  0-1

[Event "British Rapidplay"]
[Site "Halifax ENG"]
[Date "2009.11.22"]
[Round "9"]
[White "Gordon,S"]
[Black "Jones,W"]
[Result "1-0"]
[WhiteElo "2527"]
[BlackElo "2052"]

1.d4 Nf6 2.c4 g6 3.Nc3 Bg7 4.e4 d6 5.Nf3 O-O 6.Be2 e5 7.Be3 Nbd7 8.O-O Re8
9.d5 Nh5 10.g3 Bf8 11.Ne1 Ng7 12.Nd3 f5 13.f3 Nf6 14.c5 fxe4 15.fxe4 Bh3
16.Rf2 h5 17.Qd2 Be7 18.c6 b6 19.a4 a5 20.b4 Nh7 21.bxa5 Rxa5 22.Nb2 h4 23.Nc4 Ra8
24.Kh1 hxg3 25.hxg3 Nf6 26.Rh2 Bg4 27.Rh6 Kf7 28.Rf1 Bxe2 29.Qxe2 Rh8 30.Kg2 Rxh6
31.Bxh6 Qh8 32.Bg5 Qh5 33.Qxh5 gxh5 34.Nb5 Ne8 35.Bxf6 Bxf6 36.Ra1 Bd8 37.a5 bxa5
38.Rxa5 Rxa5 39.Nxa5 Nf6 40.Kf3 Ke8 41.Nc4 Ke7 42.Ne3 Ne8 43.Nc2 Kf6 44.Nb4 Kg6
45.Na6 Kg5 46.Nb8 Kg6 47.Nd7 Kg5 48.Nf8 Kf6 49.Ne6 Ke7 50.g4 hxg4+ 51.Kxg4 Nf6+
52.Kf5 Ne8 53.Kg6 Nf6 54.Nxd8 Nxe4 55.Ne6 Nf6 56.Nbxc7 e4 57.Nd4 e3 58.Nf5+ Kd8
59.Nxe3 Ne4 60.Ne6+ Kc8 61.Nc4  1-0

[Event "ch-RSA"]
[Site "Cape Town RSA"]
[Date "2009.11.28"]
[Round "2"]
[White "Van Rensburg,R"]
[Black "Cawdery,D"]
[Result "1/2-1/2"]
[WhiteElo "2057"]
[BlackElo "2281"]

1.d4 Nf6 2.c4 g6 3.Nc3 Bg7 4.e4 d6 5.Nf3 O-O 6.Be2 e5 7.dxe5 dxe5 8.Qxd8 Rxd8
9.Nxe5 Nxe4 10.Nxe4 Bxe5 11.Bg5 Re8 12.Nf6+ Bxf6 13.Bxf6 Bf5 14.Rd1 Nc6 15.Rd2 Re6
16.Bc3 Rae8 17.Kd1 a6 18.a3 b6 19.Bf3 Be4 20.Bxe4 Rxe4 21.Rd7 R8e7 22.Rxe7 Rxe7
23.Re1 Rd7+ 24.Kc2 Kf8 25.Rd1  1/2-1/2

[Event "ch-RSA"]
[Site "Cape Town RSA"]
[Date "2009.11.29"]
[Round "3"]
[White "Mosetlhe,K"]
[Black "Solomons,D"]
[Result "1-0"]
[WhiteElo "2100"]
[BlackElo "2191"]

1.d4 Nf6 2.c4 g6 3.Nc3 d6 4.e4 Bg7 5.Be2 Nbd7 6.Nf3 O-O 7.O-O e5 8.Re1 Re8
9.Bf1 h6 10.d5 a5 11.Nd2 Nc5 12.Nb3 Nxb3 13.axb3 Bd7 14.Bd2 b6 15.Na2 Nh5
16.b4 Nf4 17.bxa5 bxa5 18.Nc1 a4 19.Nd3 Qb8 20.Bc3 Qb6 21.Qd2 g5 22.Bb4 Bf8
23.Rac1 Nxd3 24.Bxd3 Reb8 25.Ba3 Qd4 26.Qe2 Qa7 27.Qh5 Bg7 28.Red1 Rb3 29.c5 Be8
30.Qe2 Qb8 31.Bc4 Rb7 32.Rd2 Qd8 33.Ba6 Rbb8 34.c6 Rb6 35.Bb7 Ra7 36.Qe3 Raxb7
37.cxb7 Rxb7 38.Rdc2 Bf6 39.Qe2 Bb5 40.Qf3 Kg7 41.h3 Qb8 42.Rc3 Bd7 43.Kh2 Bd8
44.Qd1 Qa7 45.Kg1 Kg6 46.Rc4 Qa5 47.Qe1 Qa6 48.Rb4 Bb5 49.Qc3 Ra7 50.b3 axb3
51.Rxb3 Bd7 52.Bb4 Rb7 53.Ra3 Qe2 54.Qc4 Qb2 55.Rb3 Qa2 56.Rbb1 Qa4 57.Qb3 Qb5
58.Qc2 Qa6 59.Ra1 Qb6 60.Bd2 Qb2 61.Qd3 Rb3 62.Bc3 Bb5 63.Qf3 Qe2 64.Qxe2 Bxe2
65.Ra8 Bf6 66.Ba5 Bd3 67.f3 g4 68.hxg4 Bg5 69.Rg8+ Kf6 70.Rxg5 hxg5 71.Bxc7 Ke7
72.Rc6 Bb5 73.Bxd6+ Kd7 74.Rb6 f6 75.Bf8 Rb2 76.Bg7 Kc7 77.Rxb5 Rxb5 78.Bxf6 Kd6
79.Bxg5 Rb1+ 80.Kh2 Rb8 81.Kg3 Re8 82.Bf6  1-0

[Event "ch-IND National A"]
[Site "Mumbai IND"]
[Date "2009.12.01"]
[Round "1"]
[White "Gupta,Ab"]
[Black "Shyam,SM"]
[Result "1-0"]
[WhiteElo "2578"]
[BlackElo "2401"]

1.d4 Nf6 2.c4 g6 3.Nc3 Bg7 4.e4 d6 5.Nf3 O-O 6.Be2 Nbd7 7.O-O e5 8.Be3 h6
9.h3 exd4 10.Nxd4 Re8 11.Qc2 Nc5 12.Bf3 Nh7 13.b4 Ne6 14.Rad1 a5 15.a3 axb4
16.axb4 Nhg5 17.Bg4 Nxd4 18.Bxd4 Bxg4 19.hxg4 Bxd4 20.Rxd4 Ne6 21.Rd3 Qg5
22.g3 c6 23.Qe2 Red8 24.Rfd1 Qe7 25.Nd5 cxd5 26.exd5 Rac8 27.dxe6 fxe6 28.Qe4 Kh7
29.Kg2 b6 30.Rh1 Rc7 31.Qe3 g5 32.Qe4+ Kg7 33.Rhd1 e5 34.Rd5 Qf6 35.R1d2 Qe7
36.Qd3 Qf6 37.Rb5 Qe6 38.Rd5 Qxg4 39.c5 bxc5 40.bxc5 Qe6 41.cxd6 Rcd7 42.Qe4 Re8
43.Rc5 Qg6 44.Qa4 Qf5 45.g4 Qf7 46.Rdd5 Red8 47.Qe4 Rf8 48.Qxe5+ Kg8 49.Qe3 Re8
50.Re5 Rxe5 51.Qxe5 Kh7 52.Rc7 Rxc7  1-0

[Event "Open"]
[Site "Figueira da Foz POR"]
[Date "2009.12.03"]
[Round "6"]
[White "Carapeto,R"]
[Black "Durao,J"]
[Result "0-1"]
[WhiteElo "1894"]
[BlackElo "2046"]

1.d4 Nf6 2.c4 g6 3.Nc3 Bg7 4.e4 d6 5.Nf3 O-O 6.Be2 e5 7.O-O Nbd7 8.d5 Nc5
9.Qc2 a5 10.Ne1 Ne8 11.Be3 f5 12.f3 f4 13.Bf2 g5 14.Nd3 b6 15.a3 Rf7 16.b4 Nxd3
17.Qxd3 Bf8 18.c5 bxc5 19.bxc5 Rg7 20.Kh1 h5 21.h3 g4 22.fxg4 hxg4 23.Bxg4 Bxg4
24.hxg4 Qg5 25.Qf3 dxc5 26.g3 Ra6 27.Kg2 Nf6 28.Rh1 Nxg4 29.Rh3 Rf6 30.Rf1 fxg3
31.Qxg3 Nxf2 32.Rxf2 Rxf2+  0-1

[Event "Vasylyshyn Mem"]
[Site "Lviv UKR"]
[Date "2009.12.03"]
[Round "9"]
[White "Fedoseev,Vl3"]
[Black "Onischuk,V"]
[Result "1/2-1/2"]
[WhiteElo "2353"]
[BlackElo "2483"]

1.d4 Nf6 2.c4 g6 3.Nc3 Bg7 4.e4 d6 5.Nf3 O-O 6.Be2 Nbd7 7.O-O e5 8.d5 Nc5
9.Qc2 a5 10.Be3 Ng4 11.Bxc5  1/2-1/2

[Event "Antalya Bir"]
[Site "Antalya TUR"]
[Date "2009.12.06"]
[Round "3"]
[White "Avci,A"]
[Black "Arat,Uf"]
[Result "0-1"]
[WhiteElo "1746"]
[BlackElo "1828"]

1.d4 Nf6 2.c4 g6 3.Nc3 Bg7 4.e4 d6 5.Nf3 O-O 6.Be2 e5 7.d5 Na6 8.h3 Nc5 9.Bd3 a5
10.Be3 Nfd7 11.g4 a4 12.Bc2 Nb6 13.Nd2 c6 14.Bxc5 dxc5 15.Nxa4 Nxa4 16.Bxa4 Qa5
17.Bc2 Bh6 18.Qe2 Qb4 19.Bb3 cxd5 20.exd5 f5 21.O-O-O Bd7 22.Rhg1 e4 23.g5 Bg7
24.Nb1 f4 25.Qxe4 Rxa2 26.Qc2 Rxb2 27.Qxb2 Bxb2+ 28.Kxb2 b5 29.Rc1 Rb8 30.cxb5 Rxb5
31.Rg3 fxg3  0-1

[Event "ch-RSA"]
[Site "Cape Town RSA"]
[Date "2009.12.06"]
[Round "11"]
[White "Solomon,K"]
[Black "Cawdery,D"]
[Result "1/2-1/2"]
[WhiteElo "2368"]
[BlackElo "2281"]

1.d4 Nf6 2.c4 g6 3.Nc3 Bg7 4.e4 d6 5.Nf3 O-O 6.Be2 e5 7.Be3 exd4 8.Nxd4 Re8
9.f3 c6 10.Bf2 d5 11.exd5 cxd5 12.O-O Nc6 13.c5 Nh5 14.Qd2 Be6 15.Rfe1 Rc8
16.Ncb5 Bf8 17.b4 Bd7 18.a3 Qf6 19.g3 Ng7 20.Nc3 Be6 21.Nxc6 bxc6 22.Bd4 Qd8
23.Ba6 Rc7 24.Be5 Rd7 25.g4 f5 26.g5 d4 27.Ne2 Bd5 28.Bf6  1/2-1/2

[Event "48th XtraCon TCh-DEN 2009-10"]
[Site "Denmark DEN"]
[Date "2009.12.06"]
[Round "3"]
[White "Olsen,N"]
[Black "Pedersen,Stef"]
[Result "0-1"]
[WhiteElo "2256"]
[BlackElo "2428"]

1.d4 Nf6 2.c4 g6 3.Nc3 Bg7 4.e4 d6 5.Nf3 O-O 6.Be2 e5 7.d5 a5 8.O-O Na6 9.Qc2 Bd7
10.Ne1 c6 11.Bg5 h6 12.Be3 cxd5 13.cxd5 Ng4 14.Bxg4 Bxg4 15.Nd3 Bd7 16.Qb3 b5
17.Nxb5 a4 18.Qc4 Rc8 19.Qxa4 Nc7 20.Rfc1 Bxb5 21.Qb3 Rb8 22.Nb4 Na6 23.Nxa6 Bxa6
24.Qa3 Bb5 25.Qa7 Ra8 26.Qb7 Qa5 27.f3 Rfb8 28.Qe7 Bf8 29.Qf6 Be8 30.f4 Qa4
31.Re1 Rxb2 32.fxe5 Qxe4 33.Bf2 Qxd5 34.exd6 Bc6  0-1

[Event "Open"]
[Site "Figueira da Foz POR"]
[Date "2009.12.06"]
[Round "9"]
[White "Ferreira,Jor1"]
[Black "Todorov,T"]
[Result "1/2-1/2"]
[WhiteElo "2202"]
[BlackElo "2151"]

1.d4 Nf6 2.c4 g6 3.Nc3 Bg7 4.e4 d6 5.Nf3 O-O 6.Be2 e5 7.O-O exd4 8.Nxd4 Re8
9.f3 Nc6 10.Be3 Nh5 11.Qd2 Nxd4 12.Bxd4 Nf4 13.Rfd1 Qg5 14.Bf1 Bxd4+ 15.Qxd4 Ne6
16.Qd2 Qxd2 17.Rxd2 a5 18.b3 b6 19.g3 Bb7 20.Nd5 Bxd5 21.cxd5 Nc5 22.Rb1 Re7
23.a3 Kg7 24.Bb5 Ra7 25.Rbb2 Nd7 26.Bxd7 Rxd7 27.Rbc2 Ra8 28.Rc3 Re8 29.Rdc2 Ree7
30.Kf2 f5 31.exf5 gxf5 32.b4 axb4 33.axb4 Kf6 34.f4 b5 35.Re2 h5 36.Rxe7 Rxe7
37.Re3 Rh7 38.Re8 h4 39.Rf8+ Kg6 40.Rb8 hxg3+ 41.hxg3 Rh2+ 42.Kf3 Rd2 43.Rxb5 Kh5
44.Rb7 Rd3+ 45.Kf2 Kg4 46.Rxc7  1/2-1/2

[Event "Open"]
[Site "Figueira da Foz POR"]
[Date "2009.12.06"]
[Round "9"]
[White "Rodrigues,LM"]
[Black "Andias,J"]
[Result "0-1"]
[WhiteElo "1875"]
[BlackElo "1711"]

1.d4 Nf6 2.c4 g6 3.Nc3 Bg7 4.e4 d6 5.Nf3 O-O 6.Be2 e5 7.d5 a5 8.O-O Na6 9.Ne1 Nd7
10.Be3 f5 11.f3 f4 12.Bf2 g5 13.Rc1 Rf7 14.Nd3 Bf8 15.a3 Rg7 16.Kh1 Nf6 17.b4 g4
18.Nb5 g3 19.Bg1 Nh5 20.Qc2 gxh2 21.Bf2 Qg5 22.Ne1 Ng3+ 23.Bxg3 Qxg3 24.Qd2 axb4
25.axb4 Nxb4 26.Nc3 Bh3 27.gxh3 Qg1+  0-1

[Event "New Years All-Ukrainian Open"]
[Site "Poltava UKR"]
[Date "2009.12.07"]
[Round "5"]
[White "Kovalenko,I"]
[Black "Alexikov,A"]
[Result "1-0"]
[WhiteElo "2507"]
[BlackElo "2364"]

1.d4 Nf6 2.c4 g6 3.Nc3 Bg7 4.e4 d6 5.Nf3 O-O 6.Be2 e5 7.O-O Nbd7 8.Re1 c6
9.Bf1 a5 10.dxe5 dxe5 11.Na4 Qe7 12.Qc2 Re8 13.h3 Nh5 14.g3 Qf8 15.c5 Kh8
16.b3 Nhf6 17.Bb2 Re7 18.Rad1 Ne8 19.Nb6 Rb8 20.Qc3 Nc7 21.Qxa5 Nxb6 22.cxb6 Ra8
23.Qd2 Nb5 24.a4 Rd7 25.Qe3 Nd4 26.Nxd4 exd4 27.Bxd4 Kg8 28.Bxg7 Qxg7 29.Qf4  1-0

[Event "Antalya Bir"]
[Site "Antalya TUR"]
[Date "2009.12.12"]
[Round "5"]
[White "Avci,A"]
[Black "Durmaz,A"]
[Result "1-0"]
[WhiteElo "1746"]
[BlackElo "1883"]

1.d4 Nf6 2.c4 g6 3.Nc3 Bg7 4.e4 d6 5.Nf3 O-O 6.Be2 e5 7.O-O Nbd7 8.Bg5 h6
9.Be3 Ng4 10.Bc1 f5 11.d5 Nc5 12.Nd2 Nf6 13.f3 a5 14.Nb3 b6 15.Nxc5 bxc5
16.Be3 Nh5 17.Qd2 Kh7 18.a3 Nf4 19.Bd1 g5 20.Bc2 Ng6 21.exf5 Bxf5 22.Ne4 Qe7
23.b4 axb4 24.axb4 Rxa1 25.Rxa1 cxb4 26.Qxb4 g4 27.fxg4 Bxg4 28.Ng3 e4 29.Re1 Bf5
30.c5 Qe5 31.Nxf5 Rxf5 32.Qxe4 Qxe4 33.Bxe4 Re5 34.Bf4 Rh5 35.cxd6 cxd6 36.Bxd6 Rh4
37.Bf5 Bd4+ 38.Kf1 Kg7 39.Bg3 Rh5 40.Bxg6 Kxg6 41.d6 Rd5 42.Rd1 Rf5+ 43.Ke2 Bb6
44.Bh4 Rf8 45.d7 Bd8 46.Bxd8 Rxd8 47.Kf3 Kf7 48.Kg4 Kg7 49.Kh5 Kh7 50.Rd5 Kg7
51.Rd6 Kf7 52.Kxh6 Ke7 53.Rd2 Rh8+ 54.Kg5 Kd8 55.h4 Rg8+ 56.Kf6 Rh8 57.Rd4 Rg8
58.g4  1-0

[Event "ch-VIE Men Masters"]
[Site "Ho Chi Minh City VIE"]
[Date "2009.12.12"]
[Round "3"]
[White "Nguyen Huynh Minh Huy"]
[Black "Pham Duc Thang"]
[Result "1-0"]
[WhiteElo "2500"]
[BlackElo "2256"]

1.d4 Nf6 2.Nf3 g6 3.c4 Bg7 4.Nc3 O-O 5.e4 d6 6.Be2 Nbd7 7.O-O e5 8.Qc2 Re8
9.Be3 Ng4 10.Bg5 f6 11.Bh4 h5 12.h3 Nh6 13.Rad1 g5 14.Bg3 g4 15.hxg4 hxg4
16.Nh4 exd4 17.Nb5 Nc5 18.Bd3 Nxd3 19.Qxd3 f5 20.Nxf5 Nxf5 21.exf5 Rf8 22.Nxd4 Bxd4
23.Qxd4 Bxf5 24.Qd5+ Kh7 25.Rfe1 c6 26.Qd2 d5 27.cxd5 cxd5 28.Re5 d4 29.Qf4 Bg6
30.Qxg4 d3 31.Re6 Bf5 32.Qh5+ Kg8 33.Rg6+  1-0

[Event "TCh-NED 2009-10"]
[Site "Netherlands NED"]
[Date "2009.12.12"]
[Round "4"]
[White "Wantola,I"]
[Black "Bolwerk,P"]
[Result "1-0"]
[WhiteElo "2344"]
[BlackElo "2266"]

1.Nf3 Nf6 2.c4 g6 3.Nc3 Bg7 4.e4 d6 5.d4 O-O 6.Be2 Na6 7.O-O e5 8.Be3 Ng4
9.Bg5 Qe8 10.c5 exd4 11.Nd5 Qxe4 12.Ne7+ Kh8 13.cxd6 Bd7 14.Bc4 Nb4 15.a3 Qc2
16.Qxc2 Nxc2 17.Rac1 h6 18.Bd2 Nxa3 19.bxa3 c5 20.Bd5 b6 21.Bf4 g5 22.Bg3 Rad8
23.Rfd1 Ba4 24.Rd3 f5 25.h3 f4 26.Ng6+ Kh7 27.Nxf8+ Bxf8 28.Be4+ Kg7 29.hxg4 fxg3
30.Nxd4 gxf2+ 31.Kxf2 cxd4 32.Rxd4 Bd7 33.Rc7 Kf6 34.Rxa7 Ke5 35.Ke3 Be6
36.Bf5 Bxf5 37.gxf5 Bxd6 38.Kd3 Kxf5 39.Rb7 Rb8 40.g4+ Ke5 41.Rxb8 Bxb8 42.Re4+ Kd5
43.Re8 Be5 44.a4 Bb2 45.Re1 Ba3 46.Rb1 Bc5 47.Rb5 Kc6 48.Ke4 Kd6 49.Kf5 Kc6
50.Kg6 Bf8 51.Kf7  1-0

[Event "ch-IND National A"]
[Site "Mumbai IND"]
[Date "2009.12.13"]
[Round "12"]
[White "Babu,NS"]
[Black "Ramnath,B"]
[Result "1/2-1/2"]
[WhiteElo "2335"]
[BlackElo "2372"]

1.d4 Nf6 2.c4 g6 3.Nc3 Bg7 4.e4 d6 5.Be2 O-O 6.Nf3 e5 7.dxe5 dxe5 8.Qxd8 Rxd8
9.Nd5 Nxd5 10.cxd5 c6 11.Bc4 b5 12.Bb3 Bb7 13.Bg5 Rd7 14.dxc6 Nxc6 15.Bd5 Nb4
16.Bxb7 Rxb7 17.Ke2 f5 18.Bd2 Nc2 19.Rac1 Rc8 20.Bc3 Rbc7 21.Rxc2 b4 22.Rd1 a6
23.Rcd2 bxc3 24.bxc3 Rxc3 25.Rd8+ Rxd8 26.Rxd8+ Kf7 27.Rd7+ Kg8 28.Rd8+ Kf7
29.Rd7+ Kg8  1/2-1/2

[Event "16th Open B"]
[Site "Zadar CRO"]
[Date "2009.12.13"]
[Round "1"]
[White "Prusac,M"]
[Black "Ivic,Mat"]
[Result "0-1"]
[WhiteElo "1988"]
[BlackElo "2244"]

1.d4 Nf6 2.Nf3 g6 3.c4 Bg7 4.Nc3 O-O 5.e4 d6 6.Be2 e5 7.dxe5 dxe5 8.Bg5 c6
9.O-O Qc7 10.Qc1 Na6 11.a3 Nc5 12.Qc2 Ne6 13.Be3 Ng4 14.Bd2 Nd4 15.Qd1 Rd8
16.h3 Nf6 17.Re1 Be6 18.b3 Rd7 19.Nxd4 exd4 20.Na4 Nxe4 21.Bd3 Nc3 22.Bxc3 dxc3
23.Qc2 Qa5 24.c5 Rad8 25.b4 Qc7 26.Re3 Bd4 27.Re4 Bf5 28.Rxd4 Rxd4 29.Bxf5 Rd2
30.Qxc3 Rd1+  0-1

[Event "Tch-SLO League"]
[Site "Rogaska Slatina SLO"]
[Date "2009.12.14"]
[Round "6"]
[White "Tratar,M"]
[Black "Kozul,Z"]
[Result "0-1"]
[WhiteElo "2480"]
[BlackElo "2604"]

1.Nf3 Nf6 2.c4 g6 3.Nc3 Bg7 4.e4 d6 5.d4 O-O 6.Be2 e5 7.O-O Nbd7 8.Re1 c6
9.Bf1 h6 10.d5 c5 11.g3 Nh7 12.Bd2 f5 13.Nh4 Qf6 14.exf5 gxf5 15.Qh5 Nb6
16.Rad1 Bd7 17.Qg6 a6 18.b3 Nc8 19.Qxf6 Nxf6 20.a4 Ne7 21.a5 Rab8 22.Bd3 e4
23.Bc2 Ng4 24.Ne2 Ne5 25.Kg2 Bf6 26.Bxh6 Rf7 27.Bf4 Rh7 28.Bxe5 dxe5 29.Nxf5 Nxf5
30.Nc3 Nd4 31.Nxe4 Bd8 32.Rc1 Bh3+ 33.Kh1 Rf7 34.Bd1 Bxa5 35.Re3 Bf5 36.Nd6 Bd2
37.Nxf7 Kxf7 38.Ra1 Bxe3 39.fxe3 Nc2  0-1

[Event "Tch-SLO League"]
[Site "Rogaska Slatina SLO"]
[Date "2009.12.15"]
[Round "7"]
[White "Polajzer,D"]
[Black "Stucl,B"]
[Result "1/2-1/2"]
[WhiteElo "2328"]
[BlackElo "2260"]

1.Nf3 Nf6 2.c4 d6 3.d4 Nbd7 4.Nc3 g6 5.e4 e5 6.Be2 Bg7 7.O-O O-O 8.Qc2 c6
9.Rd1 Qc7 10.Rb1 Re8 11.dxe5 dxe5 12.b4 Nf8 13.h3 Nh5 14.c5 Nf4 15.Bf1 h6
16.Ne2 N8e6  1/2-1/2

[Event "Tch-SLO League"]
[Site "Rogaska Slatina SLO"]
[Date "2009.12.15"]
[Round "7"]
[White "Beliavsky,A"]
[Black "Jankovic,A"]
[Result "1-0"]
[WhiteElo "2648"]
[BlackElo "2546"]

1.d4 Nf6 2.c4 g6 3.Nc3 Bg7 4.e4 d6 5.Nf3 O-O 6.Be2 e5 7.O-O c6 8.Re1 Na6
9.Rb1 exd4 10.Nxd4 Re8 11.f3 Nh5 12.Be3 f5 13.Qd2 f4 14.Bf2 Be5 15.b4 c5
16.Nc2 Qf6 17.Nd5 Qg7 18.bxc5 dxc5 19.Red1 g5 20.Ne1 Kh8 21.Nd3 Bd4 22.a4 Rb8
23.a5 Bd7 24.Qe1 Bc6 25.Kf1 Bxf2 26.Qxf2 Rbc8 27.Rdc1 Nf6 28.h4 Nh5 29.hxg5 Ng3+
30.Ke1 Bxd5 31.cxd5 Qxg5 32.Rxb7 c4 33.Qd4+ Kg8 34.Rxc4 Nxe2 35.Kxe2 Qxg2+
36.Nf2  1-0

[Event "Tch-SLO League"]
[Site "Rogaska Slatina SLO"]
[Date "2009.12.15"]
[Round "8"]
[White "Jankovic,A"]
[Black "Markus,Rob"]
[Result "1/2-1/2"]
[WhiteElo "2546"]
[BlackElo "2616"]

1.d4 Nf6 2.c4 g6 3.Nc3 Bg7 4.e4 d6 5.Nf3 O-O 6.Be2 e5 7.O-O Nbd7 8.Qc2 Re8
9.Rd1 exd4 10.Nxd4 Nc5 11.f3 Nh5 12.Bf1  1/2-1/2

[Event "16th Open A"]
[Site "Zadar CRO"]
[Date "2009.12.15"]
[Round "4"]
[White "Milanovic,Da"]
[Black "Jovanovic,Zo CRO"]
[Result "1/2-1/2"]
[WhiteElo "2546"]
[BlackElo "2532"]

1.d4 d6 2.Nf3 g6 3.c4 Bg7 4.Nc3 Nf6 5.e4 O-O 6.Be2 e5 7.Be3 c6 8.d5 Ng4 9.Bg5 f6
10.Bh4 h5 11.Nd2 Nh6 12.f3 c5 13.h3 Nf7 14.Qc2 Bh6 15.Bf2 Kg7 16.Bd3 Na6
17.a3 Rh8 18.h4 Bd7 19.Nf1 Nc7 20.b4 b6 21.Ne3 Qe7 22.Ke2 Rhc8 23.g3 Kh7
24.Be1 cxb4 25.axb4 a5 26.b5 Rab8 27.Qb1 Nd8 28.Na4 Na8 29.Bf2 Nb7 30.g4 Rg8
31.gxh5 gxh5 32.Rg1 Nc5 33.Nxc5 dxc5 34.Qc2 Nc7 35.Nf5 Bxf5 36.exf5 Rxg1
37.Rxg1 Rg8 38.Qb1 Ne8 39.Rxg8 Kxg8 40.Qg1+ Qg7 41.Qxg7+ Kxg7 42.Kd1  1/2-1/2

[Event "Open Ch-Skopje"]
[Site "Skopje MKD"]
[Date "2009.12.16"]
[Round "5"]
[White "Jacimovic,D"]
[Black "Dancevski,O"]
[Result "0-1"]
[WhiteElo "2429"]
[BlackElo "2418"]

1.d4 Nf6 2.c4 g6 3.Nc3 Bg7 4.e4 d6 5.Nf3 O-O 6.Be2 e5 7.d5 a5 8.h3 Na6 9.Bg5 Qe8
10.Nd2 Kh8 11.h4 Ng8 12.h5 f5 13.Nf3 h6 14.hxg6 Qxg6 15.Qd2 f4 16.O-O-O Bg4
17.Bh4 Nc5 18.Ne1 Bd7 19.f3 Bf6 20.Bf2 b6 21.Nc2 Bg5 22.Rh2 Nf6 23.Rdh1 Kg7
24.Na3 Nfxe4 25.fxe4 f3 26.Be3 fxe2 27.Qxe2 Rf2 28.Qxf2 Nd3+ 29.Kb1 Nxf2
30.Bxf2 Rf8 31.Be1 Bg4 32.Nab5 Rf7 33.Kc2 h5 34.Kd3 Bf4 35.Rh4 Bh6 36.Na3 Qg5
37.Nab1 Qe3+ 38.Kc2 Rf2+ 39.Bxf2 Qxf2+ 40.Kb3 Bf4 41.g3 Qxg3 42.Rxh5 Bxh5
43.Rxh5 Qd3 44.Rh1 a4+ 45.Kb4 Be3 46.Rh2 Bc5+ 47.Kb5 a3 48.b4 Bd4 49.Rd2 Qf3
50.Rc2 Bxc3 51.Nxc3 Qd3 52.Rc1 Kf6 53.Ka4 Qd2 54.Rf1+ Kg5 55.Rg1+ Kf4 56.Nb1 Qc2+
57.Kxa3 Kxe4 58.Re1+ Kf4 59.Rf1+ Kg3 60.Rg1+ Kh2 61.Re1 Kg2 62.c5 bxc5 63.bxc5 Kf2
64.Rh1 Qxc5+ 65.Kb2 Qxd5 66.Rh2+ Kg3 67.Rc2 Qb7+ 68.Kc1 d5 69.Rc5 Qb6 70.Rc3+ Kf4
71.Nd2 e4 72.Nb3 d4 73.Rc4 Ke3 74.Nxd4 Qxd4 75.Rxd4 Kxd4 76.Kd2 c5 77.a4 c4
78.a5 Kc5  0-1